Los estiramientos: bases científicas y desarrollo de ejercicios

Saved in:
Bibliografiske detaljer
Hovedforfatter: Alter, Michael J (Author)
Format: Bog
Sprog:spansk
Udgivet: Barcelona Paidotribo 1990
Fag:
Tags: Tilføj Tag
Ingen Tags, Vær først til at tagge denne postø!

MARC

LEADER 00000nam a2200000 a 4500
001 UCW6727
003 CL-VaPUC
008 920430e19900000SP |||||||||||||||||spa|d
082 0 4 |a 796.41  |b ALT  |2 21 
100 0 |a Alter, Michael J  |e author  |9 311785 
245 1 4 |a Los estiramientos: bases científicas y desarrollo de ejercicios 
300 |a 252 p 
942 |c BK 
945 |d 19920430 00:00:00  |a rbrito 
260 |a Barcelona  |b Paidotribo  |c 1990 
650 7 |a GIMNASIA  |2 CL-VaPUC  |9 307275 
650 7 |a EJERCICIOS MUSCULARES  |2 CL-VaPUC  |9 308842 
650 7 |a ENTRENAMIENTO ATLETICO  |2 CL-VaPUC  |9 311786 
583 |a last modification  |c 19920430 00:00:00  |k Rodrigo Vera 
999 |c 219691  |d 219689 
952 |0 0  |1 0  |4 0  |6 796_410000000000000_ALT_1990  |7 0  |8 A  |9 210909  |a BIBEDU  |b BIBEDU  |d 2019-11-15  |i 2791390  |o 796.41 ALT 1990  |p 2791390  |r 2019-11-15  |w 2019-11-15  |y BK  |k EDU 
952 |0 0  |1 0  |4 0  |6 796_410000000000000_ALT_1990  |7 0  |8 A  |9 210910  |a BIBEDU  |b BIBEDU  |d 2019-11-15  |i 2990709  |o 796.41 ALT 1990  |p 2990709  |r 2019-11-15  |w 2019-11-15  |y BK  |k EFI